Nová cesta

Bibliographic Details
Main Author: Plávka, Andrej, 1907-1982 (Author)
Other Authors: Cpin, Štefan, 1919-1971 (Illustrator)
Format: Book
Language:Slovak
PhysicalDescription:[24] s. ilustr. 24 cm
Published: Bratislava Smena 1952
Edition:Vyd. 1.
Subjects:

MARC

LEADER 00000cam a2200000 a 4500
001 vtls008390829
003 SK-MaSNL
005 20260301220355.0
008 230403s1952 xo a j 000 p slo
015 |a SNBA19451955-009217 
035 |a SK01SNKBKSFS20020083046 
035 |a urn:nbn:sk:snk-am3hwm7 
035 |a 22B38730-2917-47E9-B449-50907B5007C7 
035 |a urn:nbn:sk:snk-am00dbl7 
035 |a SKM000085509 
040 |a SNK  |b slo  |c SNK  |e AACR2 
041 0 |a slo 
044 |a xo  |c SK 
072 7 |a 821.162.4-1  |x Slovenská poézia  |2 konspekt 
072 7 |a 82-93  |x Literatúra pre deti a mládež (beletria)  |2 konspekt 
080 |a 821.162.4-1  |2 2011 
080 |a 82-93-053.4/.5  |2 2011 
100 1 |a Plávka, Andrej,  |d 1907-1982  |4 aut  |9 184132 
245 1 0 |a Nová cesta  |c Andrej Plávka ; [ilustrácie Štefan Cpin] 
250 |a Vyd. 1. 
260 |a Bratislava  |b Smena  |c 1952 
300 |a [24] s.  |b ilustr.  |c 24 cm 
366 |e 10500 výt. 
500 |a Viazaná 
655 7 |a literatúra pre deti  |2 SNKPH  |9 87135 
655 7 |a Slovak poetry  |2 SNKPHeng  |9 265010 
655 7 |a Children's literature  |2 SNKPHeng  |9 276039 
655 7 |a slovenská poézia  |2 SNKPH  |9 70444 
700 1 |a Cpin, Štefan,  |d 1919-1971  |4 ill  |9 117258 
700 1 |a Gašparová, Eleonóra,  |d 1925-2010  |4 red  |9 102413 
852 |a Slovenská národná knižnica 
954 |a beletria pôvodná (slovenská)  |2 lita 
958 |a EUIPO 
958 |a OND 
958 |a RK 
958 |a TL 
958 |a LX 
958 |a DB 
999 |c 931539  |d 933469 
952 |a SNK  |b SNK  |y PREZ  |7 0  |p 17A0764140  |o snkSC 4485/13  |i snk1646/53  |0 0  |1 0  |4 0  |d 2011-12-05  |f 1  |l 0  |r 2025-06-25 00:00:00  |w 2026-02-24 
952 |t P60, <05>, [BOOK], {605}  |a SNK  |b SNK  |y PREZ  |7 0  |p 17A0323273  |o snkSC 4485/13 D1  |0 0  |1 0  |4 0  |d 2001-11-21  |l 0  |r 2005-01-02 00:00:00  |w 2026-02-24 
952 |a SNKLM  |b SNKLM  |y NEVYP  |7 0  |o snklmMK 2453  |i snklm149/81  |8 3  |0 0  |1 0  |4 0  |d 2005-11-18  |l 0  |r 2026-02-24 08:51:10  |w 2026-02-24